MARC details
| 000 -CABECERA |
| campo de control de longitud fija |
05118nam a2200517 a 4500 |
| 001 - NÚMERO DE CONTROL |
| campo de control |
000116264 |
| 003 - IDENTIFICADOR DEL NÚMERO DE CONTROL |
| campo de control |
CHAP |
| 005 - FECHA Y HORA DE LA ÚLTIMA TRANSACCIÓN |
| campo de control |
20240808173827.0 |
| 007 - CAMPO FIJO DE DESCRIPCIÓN FÍSICA--INFORMACIÓN GENERAL |
| campo de control de longitud fija |
ta |
| 008 - DATOS DE LONGITUD FIJA--INFORMACIÓN GENERAL |
| campo de control de longitud fija |
191016s2019 mx ado frm |||1|||spa d |
| 010 ## - NÚMERO DE CONTROL DE LA BIBLIOTECA DEL CONGRESO |
| Número de control de LC |
112725 |
| 011 ## - ENLACE DEL NUMERO DE CONTROL DE LA BIBLIOTECA DEL CONGRESO [OBSOLETO] |
| Número de control de LC |
113697 |
| 040 ## - FUENTE DE LA CATALOGACIÓN |
| Centro/agencia transcriptor |
CHAP |
| Centro catalogador/agencia de origen |
mxchpua |
| Normas de descripción |
rda |
| 041 0# - CÓDIGO DE LENGUA |
| Código de lengua del texto/banda sonora o título independiente |
spa |
| Código de lengua del sumario o resumen |
eng |
| 090 ## - LOCALMENTE ASIGNADO TIPO-LC NÚMERO DE CLASIFICACIÓN (OCLC); NÚMERO DE CLASIFICACIÓN LOCAL (RLIN) |
| Número de clasificación (OCLC) (R) ; Numero de clasificación, CALL (RLIN) (NR) |
Tesis |
| Número cutter local (OCLC) ; Número de libro/Signatura topográfica íntegra, CALL (RLIN) |
G88 |
| año |
2019 |
| 100 1# - ENTRADA PRINCIPAL--NOMBRE DE PERSONA |
| Nombre de persona |
Gutiérrez Calleja, Francisco Javier |
| 245 10 - MENCIÓN DE TÍTULO |
| Título |
Análisis de vibraciones y detecciones de fallas mecánicas en ventiladores centrífugos de calderas mediante el colector de datos DLI DCX 3.40 / |
| Mención de responsabilidad, etc. |
Francisco Javier Gutíerrez Calleja |
| 264 ## - PRODUCCIÓN, PUBLICACIÓN, DISTRIBUCIÓN, FABRICACIÓN Y COPYRIGHT |
| Producción, publicación, distribución, fabricación y copyright |
Chapingo, México : |
| Nombre del de productor, editor, distribuidor, fabricante |
El autor, |
| Fecha de producción, publicación, distribución, fabricación o copyright |
2019 |
| 300 ## - DESCRIPCIÓN FÍSICA |
| Extensión |
xi, 82 hojas : |
| Otras características físicas |
ilustraciones, gráficas, fotografías + |
| Material acompañante/anejo |
1 CD-ROM |
| 336 ## - TIPO DE CONTENIDO |
| Fuente |
rdacontent |
| Término de tipo de contenido |
texto |
| Código de tipo de contenido |
txt |
| 337 ## - TIPO DE MEDIO |
| Fuente |
rdamedia |
| Nombre/término del tipo de medio |
no mediado |
| Código del tipo de medio |
n |
| 338 ## - TIPO DE SOPORTE |
| Fuente |
rdacarrier |
| Nombre/término del tipo de soporte |
volumen |
| Código del tipo de soporte |
nc |
| 502 ## - NOTA DE TESIS |
| Nota de tesis |
Memoria de Experiencia Profesional |
| Tipo de título |
(Ingeniero Agroindustrial) -- |
| Nombre de la institución que otorga el título |
UACh. Departamento de Ingeniería Agroindustrial, |
| Año de obtención del título |
2019 |
| 504 ## - NOTA DE BIBLIOGRAFÍA, ETC. |
| Nota de bibliografía, etc. |
Bibliografía: hoja 82 |
| 520 3# - SUMARIO, ETC. |
| Sumario, etc. |
Descripción de cómo se realiza, actualmente en la industria, un análisis de vibraciones para prever fallas en los ventiladores centrífugos que alimentan los hogares de las calderas de un ingenio azucarero. Los análisis de vibraciones se realizan utilizando un colector de datos de vibración DLI DCX 3.40. El documento contiene una revisión somera de la teoría de vibraciones mecánicas y una descripción detallada de los principios físicos de funcionamiento del instrumento. Puesto que el análisis de vibraciones es una parte importante del mantenimiento en el ingenio azucarero, consideramos como contribución principal de esta tesis la integración en un solo documento de los principios teórico-prácticos que rigen la práctica moderna en materia de mantenimiento de equipo rotatorio y, particularmente, de ventiladores centrífugos. El principio básico del mantenimiento predictivo basado en el registro y análisis de las vibraciones mecánicas se sustenta sobre dos premisas: 1. La vibración es inevitable y 2. Los patrones del movimiento vibratorio de un mismo componente varían a lo largo de su vida útil. En otras palabras, el registro y monitoreo de los datos de vibración puede servir, y de hecho así es, para la detección oportuna de fallas en los elementos de la máquina. Las ventajas de la detección oportuna de fallas repercuten en la economía y en la productividad del proceso ya que elimina las pérdidas que resultan de paros no programados de la maquinaria y, también, suprime los problemas de calidad, como los malos acabados, que pueden inducirse por variación excesiva de los parámetros del movimiento vibratorio. |
| 520 3# - SUMARIO, ETC. |
| Sumario, etc. |
Description of how a vibration analysis is currently carried out in the industry to predict failures in the centrifugal fans that feed the homes of the boilers of a sugar mill. The vibration analyzes are performed using a DLI DCX 3.40 vibration data collector. The document contains a brief review of the theory of mechanical vibrations and a detailed description of the physical principles of operation of the instrument. Since the analysis of vibrations is an important part of the maintenance in the sugar mill, we consider as the main contribution of this thesis the integration in a single document of the theoretical-practical principles that govern the modern practice in the matter of maintenance of rotating equipment and, particularly, centrifugal fans. The basic principle of predictive maintenance based on the recording and analysis of mechanical vibrations is based on two premises: 1. Vibration is inevitable and 2. Patterns of vibratory movement of the same component vary throughout its useful life. In other words, the recording and monitoring of the vibration data can serve, and indeed it is, for the timely detection of faults in the elements of the machine. The advantages of the timely detection of faults have an impact on the economy and on the productivity of the process, since it eliminates the losses that result from unscheduled shutdowns of the machinery and also eliminates quality problems, such as bad finishing, which can be induced by excessive variation of the parameters of the vibratory movement. |
| 650 14 - PUNTO DE ACCESO ADICIONAL DE MATERIA--TÉRMINO DE MATERIA |
| Término de materia o nombre geográfico como elemento de entrada |
Ingeniería mecánica |
| Subdivisión general |
Maquinaria |
| 650 13 - PUNTO DE ACCESO ADICIONAL DE MATERIA--TÉRMINO DE MATERIA |
| Término de materia o nombre geográfico como elemento de entrada |
Ventiladores (maquinaria) |
| Subdivisión general |
Mantenimiento y reparación |
| Fuente del encabezamiento o término |
atg |
| 650 13 - PUNTO DE ACCESO ADICIONAL DE MATERIA--TÉRMINO DE MATERIA |
| Término de materia o nombre geográfico como elemento de entrada |
Vibración |
| Subdivisión general |
Calderas |
| Fuente del encabezamiento o término |
atg |
| 650 13 - PUNTO DE ACCESO ADICIONAL DE MATERIA--TÉRMINO DE MATERIA |
| Término de materia o nombre geográfico como elemento de entrada |
Programas de computadores |
| Subdivisión general |
DCX |
| Fuente del encabezamiento o término |
atg |
| 650 13 - PUNTO DE ACCESO ADICIONAL DE MATERIA--TÉRMINO DE MATERIA |
| Término de materia o nombre geográfico como elemento de entrada |
Fans (equipment) |
| Subdivisión general |
Maintenance and repair |
| Fuente del encabezamiento o término |
atg |
| 650 13 - PUNTO DE ACCESO ADICIONAL DE MATERIA--TÉRMINO DE MATERIA |
| Término de materia o nombre geográfico como elemento de entrada |
Vibration |
| Subdivisión general |
Boilers |
| Fuente del encabezamiento o término |
atg |
| 650 13 - PUNTO DE ACCESO ADICIONAL DE MATERIA--TÉRMINO DE MATERIA |
| Término de materia o nombre geográfico como elemento de entrada |
Computer software |
| Subdivisión general |
DCX |
| Fuente del encabezamiento o término |
atg |
| 700 1# - PUNTO DE ACCESO ADICIONAL--NOMBRE DE PERSONA |
| Nombre de persona |
López Bautista, Vicente |
| Término indicativo de función/relación |
director |
| 700 1# - PUNTO DE ACCESO ADICIONAL--NOMBRE DE PERSONA |
| Nombre de persona |
Ascencio Rivera, J. Rogelio |
| Término indicativo de función/relación |
asesor |
| 700 1# - PUNTO DE ACCESO ADICIONAL--NOMBRE DE PERSONA |
| Nombre de persona |
Pérez Barrón, Juan |
| Término indicativo de función/relación |
asesor |
| 856 41 - LOCALIZACIÓN Y ACCESO ELECTRÓNICOS |
| Identificador Uniforme del Recurso |
<a href="http://10.13.5.2/tesis/sist116264.pdf">http://10.13.5.2/tesis/sist116264.pdf</a> |
| Texto de enlace |
DESCARGAR PDF |
| 901 ## - ELEMENTOS DE DATOS A LOCAL LDA (RLIN) |
| a |
Tesis G88 2019 |
| 942 ## - ELEMENTOS DE PUNTO DE ACCESO ADICIONAL (KOHA) |
| Tipo de ítem Koha |
TESIS |
| Fuente del sistema de clasificación o colocación |
Clasificación Universidad Autónoma Chapingo |
| 590 ## - NOTA LOCAL (RLIN) |
| Nota local |
E11695DGD |
| Procedencia (VM) [OBSOLETO] |
10 |
| Condición del los carretes individuales (VM) [OBSOLETO] |
20191017 |
| 590 ## - NOTA LOCAL (RLIN) |
| Nota local |
E6339RRR |
| Procedencia (VM) [OBSOLETO] |
05 |
| Condición del los carretes individuales (VM) [OBSOLETO] |
20191016 |
| 590 ## - NOTA LOCAL (RLIN) |
| Nota local |
E6339RRR |
| Procedencia (VM) [OBSOLETO] |
05 |
| Condición del los carretes individuales (VM) [OBSOLETO] |
20191016 |